| Tag |
First Indicator |
Second Indicator |
Subfields |
| LEADER |
00000cam a22000001 4500 |
| 001 |
in00000733792 |
| 005 |
20170330103242.0 |
| 008 |
790516s1952 nyu 00000 eng |
| 010 |
|
|
|a 52013264
|
| 019 |
|
|
|a 362647
|
| 035 |
|
|
|a (OCoLC)00317807
|
| 035 |
|
|
|9 ADE2870AM
|
| 040 |
|
|
|a DLC
|c DLC
|d TXA
|d UtOrBLW
|
| 049 |
|
|
|a TXAM [Also in] [Sp Coll]
|c 1 [906553]
|a TXAS
|c 2 [1700443]
|
| 050 |
0 |
0 |
|a PZ3.W465
|b Ty
|a PR5772
|
| 090 |
|
|
|a PR5772
|b T94 1952
|
| 100 |
1 |
|
|a Wells, H. G.
|q (Herbert George),
|d 1866-1946.
|
| 245 |
1 |
0 |
|a 28 science fiction stories.
|
| 264 |
|
1 |
|a [New York] :
|b Dover Publications,
|c [1952]
|
| 300 |
|
|
|a 915 pages ;
|c 21 cm.
|
| 336 |
|
|
|a text
|b txt
|2 rdacontent
|
| 337 |
|
|
|a unmediated
|b n
|2 rdamedia
|
| 338 |
|
|
|a volume
|b nc
|2 rdacarrier
|
| 999 |
|
|
|a MARS
|
| 999 |
f |
f |
|s 7b4cab72-37a6-3f25-ba30-c967a452a3d2
|i 8c254f7f-abb6-361f-af34-4e9617ee0cce
|t 0
|
| 952 |
f |
f |
|p normal
|a Texas A&M University
|b College Station
|c Sterling C. Evans Library
|d Evans: Library Stacks
|t 0
|e PR5772 T94 1952
|h Library of Congress classification
|i unmediated -- volume
|m A14804294365
|
| 952 |
f |
f |
|p noncirc
|a Texas A&M University
|b College Station
|c Cushing Memorial Library & Archives
|d Cushing: Science Fiction (Does not check out)
|t 0
|e PZ3.W465 Ty
|h Library of Congress classification
|i unmediated -- volume
|m A14800431444
|
| 998 |
f |
f |
|a PR5772 T94 1952
|t 0
|l Evans: Library Stacks
|
| 998 |
f |
f |
|a PZ3.W465 Ty
|t 0
|l Cushing: Science Fiction (Does not check out)
|